| 000 | 01113nam a22003017a 4500 | ||
|---|---|---|---|
| 003 | NALT | ||
| 005 | 20211004122642.0 | ||
| 008 | s2004 eng d | ||
| 020 | _a0415369711 | ||
| 040 | _aNALT | ||
| 041 | _aeng | ||
| 050 |
_aJC573.2.E85 _bW47 |
||
| 100 | 0 | _aMudde, Cas | |
| 245 | 1 | 0 | _aWestern democracies and the new extreme right challenge |
| 260 | 3 |
_aNew York : _bRoutledge, _c2004 |
|
| 300 |
_a216 p. ; _b24 cm. |
||
| 650 | 0 | 4 | _aRight -- wing extremists -- United States |
| 650 | 0 | 4 | _aConservatism -- United States |
| 650 | 0 | 4 | _aEurope -- Politics andgovernment -- 20th century |
| 650 | 0 | 4 | _aPolitical parties -- Europe |
| 650 | 0 | 4 | _aRight -- wing extremists -- Europe |
| 650 | 0 | 4 | _aConservatism -- Europe |
| 650 | 0 | 4 | _aPolitical parties -- United States |
| 650 | 0 | 4 | _aPolitical parties -- United StatesConservatism -- EuropeRight -- wing extremists -- EuropePolitical parties -- EuropeEurope -- Politics andgovernment -- 20th centuryConservatism -- United StatesRight -- wing extremists -- United States |
| 700 | 0 | _aMudde, Cas | |
| 850 | _aNALT | ||
| 942 |
_cGB _2lcc |
||
| 999 |
_c42824 _d42824 |
||
| 998 |
_j109 _k อารีรัตน์ วิชาช่าง |
||